A Tigress Called Machhli: (Record no. 193783)

MARC details
000 -LEADER
fixed length control field 00618nam a22001817a 4500
005 - DATE AND TIME OF LATEST TRANSACTION
control field 20230920162343.0
010 ## - LCCN (DPL NO)
LC control number ENG-135695
020 ## - INTERNATIONAL STANDARD BOOK NUMBER
International Standard Book Number 9789388322157
Terms of availability 299.00
035 ## - SYSTEM CONTROL NUMBER
System control number EN-119227
037 ## - SOURCE OF ACQUISITION
Source of stock number/acquisition DBAD/PUB
082 ## - DEWEY DECIMAL CLASSIFICATION NUMBER
Classification number 590.723454
100 ## - MAIN ENTRY--PERSONAL NAME
Personal name Sehgal, Supriya
245 ## - TITLE STATEMENT
Title A Tigress Called Machhli:
Remainder of title Other True Animal Stories From India/
Statement of responsibility, etc By Supriya Sehgal
260 ## - PUBLICATION, DISTRIBUTION, ETC. (IMPRINT)
Place of publication, distribution, etc Gurugram
Name of publisher, distributor, etc Hachette book publishing
Date of publication, distribution, etc 2019
270 ## - ADDRESS
Address 4th & 5th floors, corporate centre, Plot No. 94, sector-44
City Gurugram
Postal code 122003
300 ## - PHYSICAL DESCRIPTION
Extent vii;163p.
Dimensions 20cm(pbk)
942 ## - ADDED ENTRY ELEMENTS (KOHA)
Source of classification or shelving scheme Dewey Decimal Classification
Item type English Books
Call number suffix SEH
Classification part 590.723454
Holdings
Withdrawn status Lost status Not for loan Collection code Home library Current library Date acquired Source of acquisition Cost, normal purchase price Full call number Barcode Copy number Cost, replacement price Koha item type
      Non-fiction D.B.Act.Division Mobile Library 16/11/2022 DBAD/PUB 299.00 590.723454 SEH EN-119227 1 299.00 English Books

© Delhi Public Library
Hit Counter
free hit counter